Central Library OPAC University of Rajshahi

Economic development in S.E. Europe : (Record no. 43038)

MARC details
000 -LEADER
fixed length control field 00831nam a2200217 a 4500
001 - CONTROL NUMBER
control field 43038
003 - CONTROL NUMBER IDENTIFIER
rucl marc code BD-RjUL
005 - DATE AND TIME OF LATEST TRANSACTION
control field 20211209053632.0
008 - FIXED-LENGTH DATA ELEMENTS--GENERAL INFORMATION
fixed length control field 160619s1945 enka o000 0 eng d
035 ## - SYSTEM CONTROL NUMBER
System control number (BD-RjUL)43156
040 ## - CATALOGING SOURCE
Original cataloging agency YNG
Modifying agency EUX
-- BD-RjUL
Language of cataloging eng
Transcribing agency BD-RjUL
041 ## - LANGUAGE CODE
Language code of text/sound track or separate title eng
082 ## - DEWEY DECIMAL CLASSIFICATION NUMBER
Edition number 23
Classification number 338.94
Author mark and year ECO 1945
110 2# - MAIN ENTRY--CORPORATE NAME
Corporate name or jurisdiction name as entry element Political and Economic Planning (Think tank).
9 (RLIN) 132157
245 10 - TITLE STATEMENT
Title Economic development in S.E. Europe :
Remainder of title including Poland, Czechoslovakia, Austria, Hungary, Rumania, Yugoslavia, Bulgaria and Greece /
Statement of responsibility, etc. with an introduction by David Mitrany.
260 ## - PUBLICATION, DISTRIBUTION, ETC. (IMPRINT)
Place of publication, distribution, etc. London :
Name of publisher, distributor, etc. PEP, distributed by Oxford University Press,
Date of publication, distribution, etc. 1945,
300 ## - PHYSICAL DESCRIPTION
Pagination 165 p. ;
Size 22 cm.
651 #0 - SUBJECT ADDED ENTRY--GEOGRAPHIC NAME
Geographic name Europe, Central
General subdivision Economic conditions.
9 (RLIN) 132158
Geographic name Balkan Peninsula
General subdivision Economic conditions.
9 (RLIN) 132159
942 ## - ADDED ENTRY ELEMENTS (KOHA)
Source of classification or shelving scheme Dewey Decimal Classification
Koha item type Books
Holdings
Lost status Source of classification or shelving scheme Damaged status Not for loan Collection code Permanent Location Current Location Shelving location Date acquired Source of acquisition Cost, normal purchase price Total Checkouts Full call number Date last seen Copy number Koha item type
  Dewey Decimal Classification     Non-fiction Central Library, University of Rajshahi Central Library, University of Rajshahi   09/01/1956 Simpule Marshall 10.60   338.94 ECO 1945 19/06/2016 C-2 Books
  Dewey Decimal Classification     Non-fiction Central Library, University of Rajshahi Central Library, University of Rajshahi   26/08/1961 Er. A. I. Qurashi, Karachi 10.60   338.94 ECO 1945 01/08/2016 C-3 Books